00612nam a2200145 a 450000100100000000500170001000800410002704000250006808200160009310000290010924501840013826000870032230000270040950000300043600002942720240228141457.0110415s1992 cl a 000 0 spa d aDO-SdBNPbspacBNPHU axxxxbM857r1 aMorillo Pérez, Antonio10aRepública Dominicana. Necesidades insatisfechas y demanda total de métodos de planificación familiar :bsituación actual y perspectivas futuras /cAntonio Morillo Pérez. aSantiago, Chile :bCentro Latinoamericano de Demografía,c1992.fNaciones Unidas a44 p. :bil. ;c28 cm. aBibliografía : p. 43-44